Statistics for Alexander Hamilton Trivia

Click here to take the quiz!

General Stats

  • This quiz has been taken 1,219 times
    (1,216 since last reset)
  • The average score is 19 of 55

Answer Stats

HintAnswer% Correct
French BFFMarquis de Lafayette
84%
Number of children8
77%
Who was the damn fool that shot him?Aaron Burr
76%
Who did Hamilton endorse in the election of 1800?Thomas Jefferson
72%
Who worked next door to Hamilton's law office?Burr
71%
How many did Hamilton write51
70%
Who is he buried near?Angelica Schuyler
70%
Prominent sister in lawAngelica Schuyler
70%
What was the name of said musical?Hamilton: An American Musical
70%
Which of his friends spied on the British?HERCULES MULLIGAN
70%
Other sister in lawPeggy Schuyler
69%
BFFJohn Laurens
67%
Name of mistressMaria Reynolds
66%
Which dollar bill is he on?$10
64%
How old was Phillip when he died?19
63%
Who wrote and starred in a musical about his life?Lin Manuel Miranda
61%
Wife's nameElizabeth Schuyler
59%
Who is he buried with?Elizabeth Schuyler
59%
How many Federalist papers were there?85
56%
Her husband's nameJames Reynolds
55%
What was his first son's name?Philip Hamilton
52%
Father in lawPhilip Schuyler
51%
How many battalions did he command at Yorktown?3
45%
Where did the bullet hit Hamilton?Right between his ribs
35%
Who was the above shot by?George Eacker
34%
What did he call Eliza in his last letter?Best of Wives and Best of Women
29%
Alma MaterKing's College
29%
When did he and Schuyler marry?1780
28%
Who did he write them with?John Jay and James Madison
26%
Position in Washington's administrationSecretary of the Treasury
26%
BirthplaceCharlestown, Nevis
24%
Where did the duel take place?Weehawken
24%
Name of FatherJames Hamilton
20%
Brother's nameJames Hamilton
20%
Famous biographerRon Chernow
18%
Defendant in first murder caseLevi Weeks
16%
Who was his second?Nathaniel Pendleton
14%
Who was Burr's second?William P. Van Ness
10%
Who confronted Hamilton about the affair?James Monroe
9%
Name of motherRachel Faucette
9%
What happens when you knock Hercules Mulligan down?He gets the f*** back up again
8%
How long did the affair last?9 months
5%
First Political WorksThe Farmer Refuted
5%
What are the opening notes to the musical?F sharp
4%
What did he ask his soldiers to do?TAKE THE BULLETS OUT YO GUNS
4%
Who shot first?GOD KNOWS
3%
What material is the Central Park statue sculpted from?Granite
3%
BFF/look alike/maybe brotherEdward Stevens
2%
Which terrace of the Treasury Building is his statue on?South Terrace
2%
Where is he buried?Trinity Churchyard
2%
Which year was he on the US postal stamp?1956
1%
Who modelled his bust?Giuseppe Ceracchi
1%
Who commisioned it?John Church Hamilton
1%
Where did it become lodged?Second lumbar vertebrae
1%
Which militia was he a member of?The Hearts of Oak
1%

Score Distribution

Percentile by Number Answered

Percent of People with Each Score

Your Score History

You have not taken this quiz since the last reset